| 000 | 00642nam a2200217 u 4500 | ||
|---|---|---|---|
| 005 | 20260217062535.0 | ||
| 008 | 091023s2008 cl r 000 0 spa d | ||
| 020 | _a9789582009205 | ||
| 035 | _aUPN01000173412 | ||
| 049 | _aCG | ||
| 050 | 4 |
_aJF801 _bC5.8 |
|
| 245 | 0 | 0 |
_aCiudadanías en formación / _ccomp. Guillermo Hoyos Vásquez. |
| 260 |
_aBogotá : _bCooperativa Editorial Magisterio, _c2008. |
||
| 300 |
_a285 p. : _btablas |
||
| 440 | 0 | _aCivitas | |
| 650 | 4 |
_aCiudadanía _97037 |
|
| 650 | 4 |
_aDemocracia _96020 |
|
| 650 | 4 |
_aDerechos humanos _95797 |
|
| 700 | 1 |
_aHoyos Vásquez, Guillermo, _d1935- _ecomp. _932378 |
|
| 905 | _aLibro | ||
| 999 |
_c145516 _d145516 |
||